000 01132cam a22003014a 4500
999 _c3201
_d3201
001 1212140
003 GBCCL
005 20241126110449.0
008 990105s1999 mou 000 0 eng
010 _a 99011985
020 _a0570053390
040 _aDLC
_cDLC
_dDLC
042 _apcc
050 0 0 _aBV4847
_b.B54 1999
082 0 0 _a242.643
_221
_bBOF
100 1 _aBoffo, Nancy Otto,
_d1953-
_96618
245 1 4 _aThe tie that binds :
_bmeditations for mothers and daughters /
_cNancy Otto Boffo & Linda Tomblin.
260 _aSt. Louis, MO :
_bConcordia Pub. House,
_cc1999.
300 _a268 p. ;
_c21 cm.
650 0 _aMothers
_vPrayers and devotions.
_96619
650 0 _aDaughters
_vPrayers and devotions.
_96620
650 0 _aChristian women
_vPrayers and devotions.
_96621
700 1 _aTomblin, Linda,
_d1941-
_96622
906 _a7
_bcbc
_corignew
_d1
_eocip
_f19
_gy-gencatlg
942 _2ddc
_cBK
_01